| Поле | Название | Значение |
| |
Тип записи |
a |
| |
Библиографический уровень |
m |
| 001 |
Контрольный номер |
284a968be05742d6860a9a9f9649dcbb |
| 005 |
Дата корректировки |
20150928103309.4 |
| 010 |
Индекс ISBN |
__ |
| a |
ISBN |
978-5-00057-284-9 |
| d |
Цена |
695,00 |
| 101 |
Язык документа |
0_ |
| a |
Язык текста |
rus |
| 102 |
Страна публикации |
__ |
| a |
Страна публикации |
RU |
| 200 |
Заглавие и сведения об ответственности |
1_ |
| a |
Заглавие |
Формула менеджмента |
| b |
Общее обозначение материала |
Текст |
| e |
Сведения, относящиеся к заглавию |
Практическое пособие начинающего руководителя |
| f |
Первые сведения об ответственности |
Т. Дергунов |
| 210 |
Выходные данные |
1_ |
| a |
Место издания |
М. |
| c |
Издательство |
Манн, Иванов и Фербер |
| d |
Дата издания |
2015 |
| 215 |
Физическое описание |
__ |
| a |
Объем |
224с. |
| 610 |
Ключевые слова |
0_ |
| a |
Ключевые слова |
Менеджмент |
| a |
Ключевые слова |
менеджер |
| a |
Ключевые слова |
лидер |
| a |
Ключевые слова |
формирование команды |
| a |
Ключевые слова |
подразделение |
| 686 |
Индексы других классификаций |
__ |
| a |
Классификационный индекс |
65.050(М) |
| 700 |
Автор |
_1 |
| a |
Фамилия |
Дергунов Т. |
| 801 |
Источник записи |
_0 |
| a |
Страна |
RU |
| b |
Организация |
РУК |
| g |
Правила каталогизации |
PSBO |
| 801 |
Источник записи |
_1 |
| a |
Страна |
RU |
| b |
Организация |
РУК |
| g |
Правила каталогизации |
PSBO |
| 852 |
Данные о местонахождении |
__ |
| i |
Авторский знак |
Д 36 |
| j |
Шифр хранения |
65.050(М) |
| b |
Сигла хранения |
ЧЗ_1 |
| t |
Номер экземпляра |
1 |
| p |
Инвентарный номер |
1800150772 |
| 901 |
Тип документа |
__ |
| t |
Тип документа |
m |
| 937 |
Технологическая информация |
__ |
| a |
Создатель записи (имя) |
Носкова |
| 938 |
Служебная информация |
__ |
| a |
Название организации |
Саранский филиал |
| 952 |
Тип литературы |
__ |
| c |
Вид литературы |
практ. пособие |